The Message of Galatians : only one way /
Αποθηκεύτηκε σε:
| Κύριος συγγραφέας: | |
|---|---|
| Μορφή: | Βιβλίο |
| Γλώσσα: | Αγγλικά |
| Έκδοση: |
England :
Inter-Varsity,
1988.
|
| Σειρά: | The Bible Speaks Today
|
| Ετικέτες: |
Δεν υπάρχουν, Καταχωρήστε ετικέτα πρώτοι!
|
MARC
| LEADER | 00000cam a22000002a 4500 | ||
|---|---|---|---|
| 001 | 0000011562 | ||
| 003 | DAYSTAR | ||
| 005 | 20171002014719.0 | ||
| 008 | 030703s1968 xx 001 0 eng d | ||
| 040 | |a Daystar | ||
| 050 | 0 | 0 | |a BS2685.3 |b .S8 |
| 100 | 1 | |a Stott, John R. W. | |
| 245 | 1 | 4 | |a The Message of Galatians : |b only one way / |c John R. W. Stott. |
| 260 | |a England : |b Inter-Varsity, |c 1988. | ||
| 300 | |a 204 p. | ||
| 440 | 4 | |a The Bible Speaks Today | |
| 908 | |a 060412 | ||
| 942 | |c G | ||
| 952 | |0 0 |1 0 |4 0 |6 BS_2685_300000000000000_S8 |7 0 |9 6071 |a DUA |b DUA |c GC |d 2017-09-28 |l 0 |o BS2685.3.S8 |p BK027936 |r 2017-09-28 00:00:00 |t c.2 |w 2017-09-28 |x 30473 |y G | ||
| 952 | |0 0 |1 0 |4 0 |6 BS_2685_300000000000000_S8 |7 0 |9 6072 |a DUA |b DUA |c GC |d 2017-09-28 |l 0 |o BS2685.3.S8 |p BK027199 |r 2017-09-28 00:00:00 |t c.1 |w 2017-09-28 |x 30472 |y G | ||
| 999 | |c 3962 |d 3962 | ||